00285nam a2200121Ia 4500008004100000100000900041245004200050260002900092300000800121650001000129942000700139999001700146190216s9999||||xx |||||||||||||| ||und|| aNull 0aHindi-Madyakalin Gujranka Hindi Kavya bMac Millian And Com. Ltd a112 aHindi cBK c15963d15963